000 00907nam a22003017a 4500
001 8102
003 FISKH
005 20250825084446.0
008 250825b cb ||||| |||| 00| 0 eng d
020 _a9780516420370
040 _aFISKH
_beng
_cFISKH
_dFISKH
050 _aPZ7.G82845 I
082 _a790
100 _aGreene, Carol
_d(1942–2012)
245 _aIce is...whee! /
_cWritten by Carol Greene ; Illustrations by Paul Sharp
250 _aThis edition first published in 1983
260 _aCanada :
_bChildren Press,
_c1983
300 _a28 unumbered pages :
_bcolor illustrations ;
_c18 cm
505 _aC
520 _aIce is cold, slippery, pretty, and a lot of fun for children.
521 8 _a140
_bLexile
521 8 _aC
_bRaz-Plus
650 _2Winter
_aRhyming
650 _2Seasons
_aSnow
700 _aSharp, Paul
_dillustrator
942 _2ddc
_cBK
_n0
999 _c8102
_d8102